Paroles - Camarade - Charles Aznavour - Statistiques

Statistiques générales
  • Ce quiz a été pris 8 fois
  • Le résultat moyen est 164 sur 224
Statistiques - réponses
Réponse % Correct
à
100%
A
100%
À
100%
ami
100%
avons
100%
Ça
100%
Camarade
100%
camarade
100%
de
100%
des
100%
deux
100%
et
100%
Et
100%
étais
100%
fait
100%
Je
100%
je
100%
la
100%
Le
100%
les
100%
Les
100%
mes
100%
mon
100%
Mon
100%
ne
100%
nous
100%
Nous
100%
ou
100%
pas
100%
plus
100%
Plus
100%
seul
100%
te
100%
Ton
100%
Tous
100%
Tu
100%
tu
100%
Un
100%
une
100%
au
67%
barricades
67%
Ce
67%
c'est
67%
C'est
67%
comme
67%
donnait
67%
donné
67%
embrassades
67%
embuscades
67%
en
67%
grands
67%
j'ai
67%
J'ai
67%
l'on
67%
mains
67%
malade
67%
matin
67%
Moi
67%
n'est
67%
nos
67%
on
67%
petit
67%
rétrograde
67%
sont
67%
sur
67%
tomber
67%
tout
67%
toute
67%
vois
67%
ambassade
33%
appris
33%
Belgrade
33%
bientôt
33%
brigades
33%
brimades
33%
Caracas
33%
ciel
33%
coin
33%
commandos
33%
dans
33%
décades
33%
défieraient
33%
défilant
33%
d'escapade
33%
dimanche
33%
donner
33%
dormons
33%
d'où
33%
escalade
33%
estrade
33%
fini
33%
froides
33%
gambades
33%
grade
33%
habillés
33%
ici
33%
impression
33%
j'arrête
33%
jérémiades
33%
là-bas
33%
l'accolade
33%
l'heure
33%
L'important
33%
maquis
33%
mascarade
33%
maussade
33%
midi
33%
monté
33%
montes
33%
murs
33%
n'était
33%
nuit
33%
nuits
33%
parade
33%
part
33%
parti
33%
pris
33%
prison
33%
promenade
33%
que
33%
Quelque
33%
qui
33%
qu'ils
33%
qu'un
33%
relève
33%
rêves
33%
sait
33%
serrées
33%
s'évade
33%
signe
33%
soudain
33%
t'ai
33%
temps
33%
t'ont
33%
venaient
33%
visiblement
33%
vu
33%
Aucun quiz correspondant
Distribution des résultats
% des personnes avec chaque résultat
Percentile par nombre de réponses
Votre historique - résultats
Vous n’avez pas pris ce quiz